Statistics for Unicorns

Click here to take the quiz!

General Stats

  • This quiz has been taken 108 times
  • The average score is 4 of 11

Answer Stats

HintAnswer% Correct
best colorrainbow
88%
true or false? They like bananas.TRUE
79%
weapon of choicehorn
78%
fishlike friend with long tusknarwhal
62%
PINK FLUFFY UNICORNS...DANCING ON RAINBOWS
48%
most important condimentsprinkles
27%
what they poopice cream
23%
favorite kind of musicALL
10%
best pizza toppingbubble gum
10%
*TRICK QUESTION* what they do when they are sad?they don't get sad
8%
favorite tv showmy little unicorn
7%

Score Distribution

Percentile by Number Answered

Percent of People with Each Score

Your Score History

You have not taken this quiz